000 00523nam a2200193Ia 4500
003 GCL
008 140319s9999 xx 000 0 eng d
020 _a9291371572
040 _aGCL /
_cGCL
082 0 4 _a382
_bI I
245 1 0 _aINTERNATIONAL MARKETING AND THE TRADING SYSTEM
260 _aسويسرا :
_bINTERNATIONAL TRADE CENTER ،
_c2001
300 _a20 CM ؛
_c213 P
650 0 4 _aINTERNATIONAL TRADE
650 0 4 _aMARKETING
650 0 4 _aMARKETS
650 0 4 _aFOREIGN TRADE AND EMPLOYMENT
942 _2ddc
_cBK
999 _c5721
_d5721